As 15 maiores empresas do Brasil - Statistics

Estatísticas Gerais
  • Esse quiz foi jogado 130 vezes
  • A pontuação média é 6 de 15
Estatísticas das Respostas
Posição Valor de Mercado Empresa % Correto
R$ 532 bilhões Petrobras
90%
R$ 331 bilhões Itaú
78%
R$ 160 bilhões Banco do Brasil
75%
R$ 155 bilhões Bradesco
71%
R$ 268 bilhões Vale
63%
R$ 116 bilhões Banco Santander
53%
R$ 205 bilhões Ambev
39%
12º R$ 85 bilhões Telefônica Vivo
31%
13º R$ 77 bilhões JBS
28%
R$ 227 bilhões Weg
27%
11º R$ 97 bilhões Eletrobras
26%
R$ 137 bilhões BTG Pactual
17%
10º R$ 112 bilhões Itaúsa
14%
14º R$ 74 bilhões Rede D’Or
10%
15º R$ 72 bilhões BB Seguridade
5%
Nenhum quiz correspondente encontrado
Distribuição das Pontuações
Porcentagem de Pessoas com Cada Pontuação
Percentil de Números Respondidos
Sua Pontuação Histórica
Você não jogou esse quiz